Statistics for Countries Closest to Cabinda

Click here to take the quiz!

General Stats

  • This quiz has been taken 33 times
    (15 since last reset)
  • The average score is 19 of 20

Answer Stats

kmAnswermi% Correct
1650Benin1031
100%
1894Burundi1184
100%
771Cameroon482
100%
0Congo0
100%
0D. R. Congo0
100%
1256Namibia785
100%
1229Nigeria768
100%
1814Rwanda1134
100%
1715Togo1072
100%
1390Zambia869
100%
1400Chad875
92%
640Equatorial Guinea400
92%
122Gabon76
92%
1746Ghana1091
92%
827Sao Tome & Principe517
92%
1904Tanzania1190
92%
1792Uganda1120
92%
883Central African Republic552
85%
1914South Sudan1196
85%
1683Botswana1052
77%

Score Distribution

Percentile by Number Answered

Percent of People with Each Score

Your Score History

You have not taken this quiz since the last reset